Urýchliť využívanie geotermálnych vôd Z rokovania rady Západoslovenského KNV

Podrobná bibliografia
Hlavný autor: (VD) (Autor)
Médium: Článok
Jazyk:slovenčina
Predmet:

MARC

LEADER 00000nab a2200000 a 4500
001 vtls000322939
003 SK-MaSNL
005 20260305030210.0
008 111201c1988 xo 0 slo
015 |a SNBRB19rr/mm-uuuuu 
035 |a CL0323061 
040 |a SNKBUCL  |b slo  |c SNKBUCL  |e AACR2 
041 0 |a slo 
044 |a xo  |c SK 
080 |a 353.2  |2 1981 
100 1 |a (VD)  |4 aut  |9 852716 
245 1 0 |a Urýchliť využívanie geotermálnych vôd  |b Z rokovania rady Západoslovenského KNV  |c (vd) 
650 0 7 |a výbory národné krajské  |2 snkbucl  |9 921743 
651 7 |a 5100  |2 snkbucl  |9 166206 
651 7 |a Západoslovenský kraj (Slovensko)  |2 snkbucl  |9 161528 
655 7 |a články z novín a časopisov  |2 snkbucl  |9 267496 
773 0 |t Hlas ľudu  |g Roč. 34, č. 133 (8. 6. 1988), s. 2 
850 |a Slovenská národná knižnica v Martine  |a MTA001 
852 |a SNK  |b KIS3GCP 
958 |a RK 
992 |a RBX 
999 |c 3309738  |d 3311668